00752nam a2200169Ia 4500008004100000020001800041050001800059245017400077260002800251300001700279500004200296650003500338700009000373942000700463952009500470999001700565120626s9999 xx 000 0 und d a968-6085-84-X04aP90 B618 198310aFormacion y funciones sociales de la opinion publicacautor, F.Bockelmann;version castellana, Ramon Ribalta i Ribalta; revision bibliografica, Joaquin Romaguera i Ramio. aMéxicobGustavo Gili. a238 paginas. aContiene: indice de contenido\ notas.17aMEDIOS DE COMUNICACION MASIVA.1 aRIBALTA I RIBALTA,Ramon,version castellana\ ROMAGUERA I RAMIO,Joaquin,rev.bibliog.Ì cLB 00104070a07b07d2011-10-18l0oP90 B618 1983p07 002356r2012-06-26t1w2012-06-26yLB c67286d67286